000 00647cab a2200241 4500
001 WB2707-09
008 090401t1991 xxu||||| |||| 00| 0 eng d
035 _a(Sirsi) u8537
041 _aeng
245 _aHome truths bring cold
260 _c1991
350 _a0
490 _aGuardian
_v8/2/91 p32
520 _aAnalyses the energy efficiency scoring of an average house. Suggests remedies.
650 _aDRY LINING
650 _aHOUSING
650 _aINSULATION
650 _aNATIONAL ENERGY FOUNDATION
650 _aTHERMAL EFFICIENCY
690 _aENVIRONMENTAL AND LAND CONSULTANCY-ENERGY
942 _n0
948 _c04/03/1997
999 _c5274
_d5274